[Event "Mitropa Cup 26th"]
[Site "Szeged"]
[Date "2007.05.16"]
[Round "9"]
[White "Varga, Zoltan"]
[Black "Brener, Ilja"]
[Result "1-0"]
[WhiteElo "2499"]
[BlackElo "2413"]
[PlyCount "129"]
[EventDate "2007.05.08"]
[EventType "team-tourn"]
[EventRounds "9"]
[EventCountry "HUN"]
[Source "ChessBase"]
[SourceDate "2007.07.04"]

1. e4 e5 2. Nf3 Nc6 3. Bb5 Nf6 4. O-O Nxe4 5. Re1 Nd6 6. Nxe5 Be7 7. Bf1 Nxe5
8. Rxe5 O-O 9. d4 Bf6 10. Re1 Nf5 11. c3 d5 12. Nd2 Nd6 13. Qb3 c6 14. Nf3 Qb6
15. Bf4 Ne4 16. Ne5 Qxb3 17. axb3 Bd8 18. b4 g5 19. Bc1 f6 20. Nd3 b6 21. b5
cxb5 22. Nb4 Nd6 23. Nxd5 Bb7 24. Ne3 a6 25. b3 Re8 26. Ba3 Bc7 27. g3 Rad8 28.
Bg2 Bxg2 29. Kxg2 Ne4 30. Nf5 Nxc3 31. Ne7+ Kf7 32. Rec1 b4 33. Bxb4 Nb5 34.
Nc6 Ra8 35. d5 a5 36. Bd2 Bd6 37. Be3 Ra6 38. h4 g4 39. h5 Nc7 40. Rd1 Rea8 41.
Ra4 b5 42. Rxg4 a4 43. Nb4 Bxb4 44. Rxb4 a3 45. d6 Ne6 46. Rxb5 a2 47. Rb7+ Kg8
48. Re7 Rxd6 49. Rxd6 a1=Q 50. Rexe6 Rf8 51. Bh6 Qa8+ 52. f3 Rc8 53. Rxf6 Qa2+
54. Kh3 Qa5 55. Kg4 Qb4+ 56. f4 Qb5 57. Rf5 Qe2+ 58. Kh3 Kh8 59. Rg5 Qf1+ 60.
Kh4 Qe2 61. b4 Qh2+ 62. Kg4 Qe2+ 63. Kh3 Qe8 64. Bg7+ Kg8 65. Ba1+ 1-0

[Event "Mitropa Cup (Women) 5th"]
[Site "Olbia"]
[Date "2008.05.25"]
[Round "1.2"]
[White "Zimina, Olga"]
[Black "Mira, Helene"]
[Result "1-0"]
[WhiteElo "2363"]
[BlackElo "2147"]
[PlyCount "67"]
[EventDate "2008.05.25"]
[EventType "team-tourn"]
[EventRounds "5"]
[EventCountry "ITA"]
[Source "ChessBase"]
[SourceDate "2008.07.03"]
[WhiteTeam "Italy"]
[BlackTeam "Austria"]
[WhiteTeamCountry "ITA"]
[BlackTeamCountry "AUT"]

1. e4 e5 2. Nf3 Nc6 3. Bb5 a6 4. Ba4 Nf6 5. O-O b5 6. Bb3 Bc5 7. a4 b4 8. c3
bxc3 9. bxc3 d6 10. d4 Ba7 11. Ba3 Bg4 12. Bd5 Nxd5 13. exd5 Ne7 14. dxe5 dxe5
15. Re1 f6 16. c4 O-O 17. Nc3 Re8 18. h3 Bh5 19. c5 Qd7 20. Nxe5 Bxd1 21. Nxd7
Bb3 22. d6 cxd6 23. cxd6 Nc6 24. Bc5 Be6 25. Bxa7 Bxd7 26. Bb6 Ne5 27. Nd5 Rab8
28. Bc7 Rb2 29. Nb6 Rf8 30. Nxd7 Nxd7 31. Re7 Ne5 32. d7 Nc6 33. Re8 Rd2 34.
Rc1 1-0

[Event "Mitropa Cup (Women) 5th"]
[Site "Olbia"]
[Date "2008.05.25"]
[Round "1.1"]
[White "Hoolt, Sarah"]
[Black "Ignacz, Maria"]
[Result "1-0"]
[WhiteElo "2258"]
[BlackElo "2173"]
[PlyCount "81"]
[EventDate "2008.05.25"]
[EventType "team-tourn"]
[EventRounds "5"]
[EventCountry "ITA"]
[Source "ChessBase"]
[SourceDate "2008.07.03"]
[WhiteTeam "Germany"]
[BlackTeam "Hungary"]
[WhiteTeamCountry "GER"]
[BlackTeamCountry "HUN"]

1. e4 c5 2. Nf3 d6 3. d4 cxd4 4. Nxd4 Nf6 5. Nc3 Nc6 6. Bc4 Qb6 7. Nb3 e6 8.
Be3 Qc7 9. f4 a6 10. Bd3 b5 11. Qf3 Rb8 12. O-O Be7 13. Rae1 Nd7 14. Qh3 Bf6
15. e5 dxe5 16. f5 Nb6 17. Ne4 Nd5 18. Nxf6+ gxf6 19. Bh6 Nce7 20. fxe6 Bxe6
21. Qh5 Ng6 22. Bg7 Ndf4 23. Qh6 Qb6+ 24. Kh1 Rg8 25. Bxg6 hxg6 26. Bxf6 Qc6
27. Qg5 Bxb3 28. Qxe5+ Kd7 29. Rxf4 Rbe8 30. Qd4+ Kc8 31. Rfe4 Rxe4 32. Rxe4
Qxc2 33. h3 Be6 34. Re3 Kb7 35. Rc3 Qb1+ 36. Kh2 Rc8 37. Rxc8 Kxc8 38. Qd8+ Kb7
39. Be5 a5 40. Qc7+ Ka6 41. Bd4 1-0

[Event "Mitropa Cup (Women) 5th"]
[Site "Olbia"]
[Date "2008.05.25"]
[Round "1.2"]
[White "Toth, Sarolta"]
[Black "Schoene, Maria"]
[Result "0-1"]
[WhiteElo "2163"]
[BlackElo "2197"]
[PlyCount "46"]
[EventDate "2008.05.25"]
[EventType "team-tourn"]
[EventRounds "5"]
[EventCountry "ITA"]
[Source "ChessBase"]
[SourceDate "2008.07.03"]
[WhiteTeam "Hungary"]
[BlackTeam "Germany"]
[WhiteTeamCountry "HUN"]
[BlackTeamCountry "GER"]

1. c4 g6 2. Nf3 Bg7 3. g3 d6 4. Bg2 c5 5. Nc3 Nc6 6. a3 Rb8 7. Rb1 a6 8. Qc2
Bd7 9. b4 cxb4 10. axb4 b5 11. cxb5 axb5 12. O-O Nf6 13. d3 O-O 14. Bd2 e5 15.
Qc1 Rc8 16. Bg5 Nd4 17. Qb2 Qb6 18. Nxd4 exd4 19. Ne4 Nd5 20. Nd2 h6 21. Bf4 g5
22. Bxg5 hxg5 23. Ne4 Nc3 0-1

[Event "Mitropa Cup (Women) 5th"]
[Site "Olbia"]
[Date "2008.05.25"]
[Round "1.1"]
[White "Fischer, Selina"]
[Black "Borosova, Zuzana"]
[Result "0-1"]
[WhiteElo "1873"]
[BlackElo "2231"]
[PlyCount "62"]
[EventDate "2008.05.25"]
[EventType "team-tourn"]
[EventRounds "5"]
[EventCountry "ITA"]
[Source "ChessBase"]
[SourceDate "2008.07.03"]
[WhiteTeam "Switzerland"]
[BlackTeam "Slovakia"]
[WhiteTeamCountry "SUI"]
[BlackTeamCountry "SVK"]

1. e4 e5 2. Nf3 Nc6 3. Bb5 a6 4. Ba4 Nf6 5. O-O Be7 6. Re1 b5 7. Bb3 O-O 8. h3
Bb7 9. d3 d6 10. a3 Na5 11. Ba2 c5 12. Nbd2 Re8 13. Nf1 h6 14. Ng3 Bf8 15. c3
c4 16. dxc4 bxc4 17. Nh2 d5 18. exd5 Nxd5 19. Ng4 Nf4 20. Qxd8 Raxd8 21. Bxf4
exf4 22. Nf1 f6 23. Rxe8 Rxe8 24. Nd2 Bd5 25. Kf1 Bf7 26. Nf3 Rb8 27. Rd1 Rxb2
28. Bb1 h5 29. Ngh2 Rb3 30. Nd4 Rxc3 31. Nf5 g6 0-1

[Event "Mitropa Cup (Women) 5th"]
[Site "Olbia"]
[Date "2008.05.25"]
[Round "1.2"]
[White "Varholakova, Nikoleta"]
[Black "De Seroux, Camille"]
[Result "1-0"]
[WhiteElo "2225"]
[BlackElo "1867"]
[PlyCount "57"]
[EventDate "2008.05.25"]
[EventType "team-tourn"]
[EventRounds "5"]
[EventCountry "ITA"]
[Source "ChessBase"]
[SourceDate "2008.07.03"]
[WhiteTeam "Slovakia"]
[BlackTeam "Switzerland"]
[WhiteTeamCountry "SVK"]
[BlackTeamCountry "SUI"]

1. e4 c5 2. d3 d6 3. Nf3 Nc6 4. g3 g6 5. Bg2 Bg7 6. O-O e6 7. Re1 Nge7 8. Nbd2
O-O 9. h4 Rb8 10. Nf1 b5 11. Ne3 Qc7 12. h5 Bd7 13. Ng4 gxh5 14. Nh6+ Kh8 15.
Nh4 Ng8 16. Qxh5 Nxh6 17. Bxh6 Bxh6 18. Qxh6 Qd8 19. Nf3 Rg8 20. Qf4 Qe7 21. e5
d5 22. Bh3 Rg7 23. Kg2 Rbg8 24. Rh1 Bc8 25. Rh2 Nb4 26. Rah1 d4 27. Qh6 Nd5 28.
Bf5 f6 29. Qxh7+ 1-0

[Event "Mitropa Cup (Women) 5th"]
[Site "Olbia"]
[Date "2008.05.26"]
[Round "2.1"]
[White "Hoolt, Sarah"]
[Black "Kopinits, Anna Christina"]
[Result "1/2-1/2"]
[WhiteElo "2258"]
[BlackElo "2192"]
[PlyCount "97"]
[EventDate "2008.05.25"]
[EventType "team-tourn"]
[EventRounds "5"]
[EventCountry "ITA"]
[Source "ChessBase"]
[SourceDate "2008.07.03"]
[WhiteTeam "Germany"]
[BlackTeam "Austria"]
[WhiteTeamCountry "GER"]
[BlackTeamCountry "AUT"]

1. e4 c6 2. d4 d5 3. exd5 cxd5 4. c4 Nf6 5. Nc3 e6 6. a3 Nc6 7. Nf3 Be7 8. Bd3
dxc4 9. Bxc4 O-O 10. O-O Na5 11. Ba2 b6 12. Bf4 Ba6 13. Re1 Bc4 14. b4 Bxa2 15.
Rxa2 Nd5 16. Ne2 Nc4 17. Ne5 Rc8 18. b5 Nxf4 19. Nxf4 Nxe5 20. dxe5 Qxd1 21.
Rxd1 g5 22. Ne2 Rc5 23. a4 Rxe5 24. g3 a6 25. Rd7 Bf6 26. bxa6 Ra5 27. Rc2 Rxa6
28. Rc4 Ra5 29. Rb7 Rc5 30. Rb4 Rc2 31. Nd4 Rc1+ 32. Kg2 Bxd4 33. Rxd4 Rc6 34.
h4 h6 35. hxg5 hxg5 36. Rg4 f6 37. Rb4 Rf7 38. R7xb6 Rxb6 39. Rxb6 Ra7 40. Rxe6
Rxa4 41. Rxf6 Kg7 42. Rb6 Rc4 43. Kf3 Ra4 44. Rd6 Kf7 45. Ke3 Kg7 46. Rd4 Ra2
47. f3 Ra3+ 48. Ke4 g4 49. fxg4 1/2-1/2

[Event "Mitropa Cup (Women) 5th"]
[Site "Olbia"]
[Date "2008.05.26"]
[Round "2.2"]
[White "Horvath, Maria"]
[Black "Schoene, Maria"]
[Result "0-1"]
[WhiteElo "2011"]
[BlackElo "2197"]
[PlyCount "120"]
[EventDate "2008.05.25"]
[EventType "team-tourn"]
[EventRounds "5"]
[EventCountry "ITA"]
[Source "ChessBase"]
[SourceDate "2008.07.03"]
[WhiteTeam "Austria"]
[BlackTeam "Germany"]
[WhiteTeamCountry "AUT"]
[BlackTeamCountry "GER"]

1. d4 g6 2. c4 Nf6 3. Nc3 Bg7 4. e4 d6 5. f3 O-O 6. Be3 a6 7. Qd2 Nbd7 8. Nge2
c5 9. Rd1 cxd4 10. Nxd4 Ne5 11. Be2 Bd7 12. O-O Re8 13. b3 Rb8 14. Rc1 Qa5 15.
Rfd1 Nc6 16. a4 Be6 17. Nd5 Qxd2 18. Rxd2 Nxd4 19. Bxd4 Bxd5 20. Bxf6 Bh6 21.
Bc3 Be6 22. Rcd1 Bxd2 23. Rxd2 Rec8 24. Bd4 b5 25. axb5 axb5 26. cxb5 Bxb3 27.
b6 Bc4 28. Bd1 Ba6 29. Kf2 Bb7 30. Bb3 Ra8 31. e5 Ra3 32. Bd1 Rd8 33. Ke1 dxe5
34. Bxe5 Re3+ 35. Re2 Rxe2+ 36. Bxe2 f6 37. Bc7 Rd4 38. Kf2 e5 39. Ke3 Kf7 40.
g3 Rb4 41. Bd3 Ke6 42. Kd2 Bxf3 43. Kc3 Rd4 44. Ba6 Kd7 45. Bb8 Rd1 46. Kb2
Rd2+ 47. Kb3 Bd5+ 48. Kb4 Ra2 49. Bb5+ Bc6 50. Bc4 Ra8 51. Ba7 Bb7 52. Ka5 f5
53. Ba6 Kc8 54. Bc4 e4 55. Be6+ Kd8 56. Bc4 g5 57. Ba6 Kc8 58. Bc4 f4 59. gxf4
gxf4 60. h4 e3 0-1

[Event "Mitropa Cup (Women) 5th"]
[Site "Olbia"]
[Date "2008.05.26"]
[Round "2.1"]
[White "Ignacz, Maria"]
[Black "Borosova, Zuzana"]
[Result "1-0"]
[WhiteElo "2173"]
[BlackElo "2231"]
[PlyCount "119"]
[EventDate "2008.05.25"]
[EventType "team-tourn"]
[EventRounds "5"]
[EventCountry "ITA"]
[Source "ChessBase"]
[SourceDate "2008.07.03"]
[WhiteTeam "Hungary"]
[BlackTeam "Slovakia"]
[WhiteTeamCountry "HUN"]
[BlackTeamCountry "SVK"]

1. d4 Nf6 2. c4 g6 3. Nf3 Bg7 4. g3 O-O 5. Bg2 d6 6. Nc3 Nc6 7. O-O a6 8. h3
Bd7 9. e4 e5 10. Be3 exd4 11. Nxd4 Re8 12. Re1 Rb8 13. Rc1 Ne5 14. b3 c5 15.
Nde2 Bxh3 16. Bxh3 Nf3+ 17. Kg2 Nxe1+ 18. Qxe1 Nxe4 19. Nxe4 Rxe4 20. Qd2 b5
21. cxb5 axb5 22. Kg1 Re8 23. Nf4 b4 24. Nd5 Ra8 25. Bg5 f6 26. Bf4 Ra7 27. Rc2
f5 28. Bg2 Kh8 29. Bg5 Qc8 30. Nxb4 Qe6 31. Nd3 Bd4 32. Bf3 h6 33. Bxh6 Rh7 34.
Rc1 Qf6 35. Bg5 Qf7 36. Nf4 Re5 37. a4 Kg7 38. Rb1 Qe8 39. Ne2 Re4 40. Nxd4
Rxd4 41. Qc3 Qe5 42. Re1 Re4 43. Qxe5+ Rxe5 44. Rd1 Re6 45. Bd5 Re8 46. Bc4 Rh5
47. Bf4 g5 48. Bxd6 g4 49. Bxc5 Kf6 50. Be3 Re7 51. Rd6+ Kg7 52. Rd8 Kg6 53.
Rg8+ Kh7 54. Rg5 Rxg5 55. Bxg5 Re1+ 56. Kg2 Kg6 57. Bf4 Ra1 58. Bc7 Kf6 59. a5
Ke7 60. a6 1-0

[Event "Mitropa Cup (Women) 5th"]
[Site "Olbia"]
[Date "2008.06.20"]
[Round "2.2"]
[White "Varholakova, Nikoleta"]
[Black "Toth, Sarolta"]
[Result "1/2-1/2"]
[WhiteElo "2225"]
[BlackElo "2163"]
[PlyCount "120"]
[EventDate "2008.05.25"]
[EventType "team-tourn"]
[EventRounds "5"]
[EventCountry "ITA"]
[Source "ChessBase"]
[SourceDate "2008.07.03"]
[WhiteTeam "Slovakia"]
[BlackTeam "Hungary"]
[WhiteTeamCountry "SVK"]
[BlackTeamCountry "HUN"]

1. e4 c5 2. Nf3 e6 3. d3 d6 4. g3 Nf6 5. Bg2 Be7 6. O-O Nc6 7. Nbd2 O-O 8. Re1
Qc7 9. c3 b5 10. Nh4 Bb7 11. f4 b4 12. Ndf3 bxc3 13. bxc3 Rab8 14. h3 Qa5 15.
Bd2 Ba8 16. e5 dxe5 17. Nxe5 Nxe5 18. fxe5 Nd7 19. Bxa8 Rxa8 20. Qg4 Rfb8 21.
Qe4 Qb6 22. Nf3 Qb7 23. Qg4 Qd5 24. Bh6 Bf8 25. Re3 Rb2 26. c4 Qc6 27. h4 Rab8
28. h5 Kh8 29. Bf4 h6 30. Nh4 Be7 31. Rf1 Rxa2 32. Re2 Rxe2 33. Qxe2 Bxh4 34.
gxh4 a5 35. Qd2 Qc7 36. Bxh6 Nxe5 37. Bf4 f6 38. Qg2 Qd6 39. Qe4 Qd4+ 40. Qxd4
cxd4 41. Ra1 Ra8 42. Bxe5 fxe5 43. Kf2 a4 44. Kf3 Kh7 45. Ke4 Ra5 46. c5 Rxc5
47. Rxa4 Kh6 48. Ra7 Rc1 49. Kxe5 Rg1 50. Kxd4 Kxh5 51. Re7 Kxh4 52. Rxe6 g5
53. Rh6+ Kg3 54. Ke5 g4 55. d4 Kf2 56. Rf6+ Ke3 57. d5 g3 58. d6 g2 59. Rg6 Kf2
60. d7 Rd1 1/2-1/2

[Event "Mitropa Cup (Women) 5th"]
[Site "Olbia"]
[Date "2008.05.26"]
[Round "2.2"]
[White "De Seroux, Camille"]
[Black "Ambrosi, Eleonora"]
[Result "1/2-1/2"]
[WhiteElo "1867"]
[BlackElo "2148"]
[PlyCount "93"]
[EventDate "2008.05.25"]
[EventType "team-tourn"]
[EventRounds "5"]
[EventCountry "ITA"]
[Source "ChessBase"]
[SourceDate "2008.07.03"]
[WhiteTeam "Switzerland"]
[BlackTeam "Italy"]
[WhiteTeamCountry "SUI"]
[BlackTeamCountry "ITA"]

1. e4 c5 2. Nf3 Nc6 3. d4 cxd4 4. Nxd4 Qc7 5. Nc3 e6 6. Be2 a6 7. O-O Nf6 8.
Be3 Bb4 9. Na4 Be7 10. Nxc6 bxc6 11. Nb6 Rb8 12. Nxc8 Qxc8 13. Bd4 c5 14. Be5
Rb6 15. Qd3 Qc6 16. f3 d5 17. exd5 exd5 18. b3 O-O 19. Rad1 Rd8 20. Rfe1 a5 21.
Qf5 c4 22. bxc4 dxc4 23. Rxd8+ Bxd8 24. Bxf6 g6 25. Qe4 Qxf6 26. Bxc4 Rb4 27.
Qe8+ Kg7 28. Bb3 Bb6+ 29. Kh1 Bf2 30. Rd1 Rh4 31. Qb8 Qg5 32. Qc7 Rf4 33. Qc3+
Kh6 34. Rf1 Qh4 35. h3 Qg3 36. Qd2 Bb6 37. Bxf7 Kg7 38. Bb3 Rh4 39. Qd7+ Kh8
40. Qe8+ Kg7 41. Qd7+ Kh6 42. Bg8 Bc7 43. Qxh7+ Kg5 44. Qe7+ Kh5 45. Qh7+ Kg5
46. Qe7+ Kh5 47. Qh7+ 1/2-1/2

[Event "Mitropa Cup (Women) 5th"]
[Site "Olbia"]
[Date "2008.05.27"]
[Round "3.1"]
[White "Kopinits, Anna Christina"]
[Black "Ignacz, Maria"]
[Result "1-0"]
[WhiteElo "2192"]
[BlackElo "2173"]
[PlyCount "113"]
[EventDate "2008.05.25"]
[EventType "team-tourn"]
[EventRounds "5"]
[EventCountry "ITA"]
[Source "ChessBase"]
[SourceDate "2008.07.03"]
[WhiteTeam "Austria"]
[BlackTeam "Hungary"]
[WhiteTeamCountry "AUT"]
[BlackTeamCountry "HUN"]

1. e4 c5 2. b3 b6 3. Bb2 Bb7 4. Nc3 e6 5. Nf3 a6 6. g3 Nc6 7. Bg2 Nf6 8. O-O d5
9. exd5 exd5 10. Re1+ Be7 11. d4 O-O 12. dxc5 bxc5 13. Ne5 Nxe5 14. Rxe5 Qc7
15. Nxd5 Nxd5 16. Rxd5 Bxd5 17. Bxd5 Rad8 18. Qg4 g6 19. Bc4 Qc6 20. Qf4 Rd6
21. Be5 Rd7 22. Re1 Bd8 23. a4 Bc7 24. Bxc7 Rxc7 25. Bxa6 Rd8 26. Bb5 Qd6 27.
Re8+ Kg7 28. Qxd6 Rxd6 29. Bd3 Re6 30. Rb8 Re1+ 31. Kg2 Ra1 32. Ra8 Kf6 33. a5
Ke5 34. a6 Kd4 35. Rb8 Ke5 36. Bb5 Ra5 37. Kf3 Kd4 38. Bc4 Ke5 39. Rb6 Rd7 40.
Ke3 g5 41. f4+ Kf5 42. Rb7 gxf4+ 43. gxf4 Rd6 44. Rxf7+ Kg6 45. f5+ Kg5 46. h4+
Kxh4 47. Rxh7+ Kg5 48. Bd3 Rd8 49. Rg7+ Kf6 50. Rg6+ Ke7 51. Re6+ Kf7 52. Bc4
Re8 53. Rxe8+ Kxe8 54. Ke4 Ra1 55. Kd5 Ke7 56. Kxc5 Kf6 57. Bd3 1-0

[Event "Mitropa Cup (Women) 5th"]
[Site "Olbia"]
[Date "2008.05.27"]
[Round "3.2"]
[White "Toth, Sarolta"]
[Black "Horvath, Maria"]
[Result "1-0"]
[WhiteElo "2163"]
[BlackElo "2011"]
[PlyCount "73"]
[EventDate "2008.05.25"]
[EventType "team-tourn"]
[EventRounds "5"]
[EventCountry "ITA"]
[Source "ChessBase"]
[SourceDate "2008.07.03"]
[WhiteTeam "Hungary"]
[BlackTeam "Austria"]
[WhiteTeamCountry "HUN"]
[BlackTeamCountry "AUT"]

1. c4 c6 2. Nf3 d5 3. b3 Bf5 4. g3 e6 5. Bg2 h6 6. Bb2 Nf6 7. d3 Be7 8. O-O O-O
9. Nbd2 Nbd7 10. a3 a5 11. Bc3 b5 12. Nd4 Qb6 13. cxb5 cxb5 14. Nxf5 exf5 15.
b4 axb4 16. axb4 Rac8 17. Qb3 d4 18. Bb2 Ne5 19. Ra5 Rb8 20. Raa1 Qd6 21. Ba3
Rfc8 22. Rfc1 Qd7 23. Qb2 Ng6 24. Nb3 Rd8 25. Na5 Rb6 26. Nc6 Re8 27. Nxd4 Nd5
28. e4 fxe4 29. dxe4 Nf6 30. Nf5 Bf8 31. Rd1 Qe6 32. Qd4 Ne5 33. Ne3 Nc4 34.
Nxc4 bxc4 35. e5 Nh5 36. Bd5 Qxe5 37. Qxb6 1-0

[Event "Mitropa Cup (Women) 5th"]
[Site "Olbia"]
[Date "2008.05.27"]
[Round "3.1"]
[White "Fischer, Selina"]
[Black "Hoolt, Sarah"]
[Result "0-1"]
[WhiteElo "1873"]
[BlackElo "2258"]
[PlyCount "90"]
[EventDate "2008.05.25"]
[EventType "team-tourn"]
[EventRounds "5"]
[EventCountry "ITA"]
[Source "ChessBase"]
[SourceDate "2008.07.03"]
[WhiteTeam "Switzerland"]
[BlackTeam "Germany"]
[WhiteTeamCountry "SUI"]
[BlackTeamCountry "GER"]

1. e4 c5 2. Nf3 e6 3. d4 cxd4 4. Nxd4 a6 5. Nc3 b5 6. Bd3 Qb6 7. Nf3 Qc7 8. O-O
Bb7 9. Re1 Ne7 10. a4 b4 11. Na2 Nbc6 12. c3 bxc3 13. Nxc3 Nb4 14. Bf1 d5 15.
e5 Ng6 16. Bd3 Nxd3 17. Qxd3 Be7 18. Qe2 O-O 19. Bg5 Bc5 20. Rac1 Qb6 21. Rb1
Rac8 22. h4 h6 23. Bd2 Bb4 24. h5 Ne7 25. Na2 Bxd2 26. Qxd2 Rc4 27. b3 Rc7 28.
Qd4 Qxd4 29. Nxd4 Rfc8 30. Rbc1 Nc6 31. Nxc6 Rxc6 32. Rxc6 Rxc6 33. Rc1 a5 34.
Rxc6 Bxc6 35. Kf1 f6 36. f4 d4 37. Kf2 Bd5 38. Nc1 Kf7 39. Ne2 Bxb3 40. Nxd4
Bxa4 41. Ke1 Ke7 42. g4 fxe5 43. fxe5 Kd7 44. Kd2 Bc6 45. Ke3 a4 0-1

[Event "Mitropa Cup (Women) 5th"]
[Site "Olbia"]
[Date "2008.05.27"]
[Round "3.2"]
[White "Schoene, Maria"]
[Black "De Seroux, Camille"]
[Result "1-0"]
[WhiteElo "2197"]
[BlackElo "1867"]
[PlyCount "105"]
[EventDate "2008.05.25"]
[EventType "team-tourn"]
[EventRounds "5"]
[EventCountry "ITA"]
[Source "ChessBase"]
[SourceDate "2008.07.03"]
[WhiteTeam "Germany"]
[BlackTeam "Switzerland"]
[WhiteTeamCountry "GER"]
[BlackTeamCountry "SUI"]

1. e4 c5 2. Nf3 d6 3. d4 cxd4 4. Nxd4 Nf6 5. Nc3 g6 6. Be3 Bg7 7. f3 O-O 8. Qd2
Nc6 9. Bc4 Bd7 10. Bb3 Rc8 11. O-O-O Ne5 12. Kb1 Qe8 13. Nd5 Nxd5 14. exd5 Nc4
15. Bxc4 Rxc4 16. Rhe1 b5 17. Nb3 Bf5 18. Rc1 h5 19. Bd4 Qd8 20. Bxg7 Kxg7 21.
Na5 Rc7 22. Nc6 Rxc6 23. dxc6 Qc7 24. Re3 Be6 25. Ra3 Qb6 26. Qa5 Qxc6 27. Qxa7
Kf6 28. Qd4+ Kg5 29. Ra7 Ra8 30. Rxa8 Qxa8 31. a3 Kh6 32. h4 Kh7 33. Rd1 Qb7
34. Qc3 Qa7 35. Qd4 Qb7 36. Qe4 Qc8 37. Rd2 Kg8 38. Qb4 Qb7 39. b3 Qa6 40. Kb2
Kh7 41. a4 bxa4 42. bxa4 Bc4 43. a5 Kg7 44. Rd1 d5 45. Ra1 Kf8 46. Qb8+ Kg7 47.
Qb6 Kg8 48. Qxa6 Bxa6 49. Kc3 Kf8 50. Kd4 e6 51. Kc5 Bb7 52. Kb6 Ba8 53. Kc7
1-0

[Event "Mitropa Cup (Women) 5th"]
[Site "Olbia"]
[Date "2008.05.27"]
[Round "3.1"]
[White "Borosova, Zuzana"]
[Black "Sedina, Elena"]
[Result "0-1"]
[WhiteElo "2231"]
[BlackElo "2356"]
[PlyCount "98"]
[EventDate "2008.05.25"]
[EventType "team-tourn"]
[EventRounds "5"]
[EventCountry "ITA"]
[Source "ChessBase"]
[SourceDate "2008.07.03"]
[WhiteTeam "Slovakia"]
[BlackTeam "Italy"]
[WhiteTeamCountry "SVK"]
[BlackTeamCountry "ITA"]

1. e4 e6 2. d4 d5 3. Nc3 Nf6 4. Bg5 Be7 5. e5 Nfd7 6. h4 Nc6 7. Qg4 f6 8. Bf4
fxe5 9. dxe5 Ndxe5 10. Bxe5 Nxe5 11. Qxg7 Bf6 12. Qg3 Qe7 13. O-O-O Bd7 14. Re1
Qd6 15. Nf3 Nxf3 16. Qxf3 O-O 17. Kb1 Bg7 18. Qd1 Rxf2 19. Bd3 Bxc3 20. bxc3 e5
21. g4 Raf8 22. g5 e4 23. Be2 Qe5 24. h5 Kh8 25. g6 R8f6 26. Qd2 Rb6+ 27. Kc1
e3 28. Qd4 Qxd4 29. cxd4 Bf5 30. Bd1 Bxc2 31. Bxc2 Rc6 32. Rxe3 Rcxc2+ 33. Kb1
Rb2+ 34. Kc1 Rxa2 35. Kb1 Rab2+ 36. Kc1 Rbe2 37. Rxe2 Rxe2 38. Rh3 Re7 39. gxh7
Kxh7 40. Kd2 Kh6 41. Kc3 Re6 42. Rh1 Rf6 43. Rh2 Rc6+ 44. Kd3 a5 45. Ra2 Ra6
46. Rb2 a4 47. Rxb7 a3 48. Rb1 a2 49. Ra1 Kxh5 0-1

[Event "Mitropa Cup (Women) 5th"]
[Site "Olbia"]
[Date "2008.05.28"]
[Round "4.1"]
[White "Borosova, Zuzana"]
[Black "Kopinits, Anna Christina"]
[Result "1-0"]
[WhiteElo "2231"]
[BlackElo "2192"]
[PlyCount "87"]
[EventDate "2008.05.25"]
[EventType "team-tourn"]
[EventRounds "5"]
[EventCountry "ITA"]
[Source "ChessBase"]
[SourceDate "2008.07.03"]
[WhiteTeam "Slovakia"]
[BlackTeam "Austria"]
[WhiteTeamCountry "SVK"]
[BlackTeamCountry "AUT"]

1. e4 c5 2. Nf3 Nc6 3. d4 cxd4 4. Nxd4 Nf6 5. Nc3 e5 6. Ndb5 d6 7. Bg5 a6 8.
Na3 b5 9. Bxf6 gxf6 10. Nd5 Bg7 11. c3 Ne7 12. Nxe7 Qxe7 13. Nc2 Bb7 14. Qg4
Bh6 15. a4 Qe6 16. Qf3 Ke7 17. Bd3 f5 18. Nb4 Qf6 19. Qe2 Qg5 20. f3 Rhg8 21.
O-O Qh4 22. Qf2 Qxf2+ 23. Kxf2 bxa4 24. Rxa4 a5 25. Nd5+ Bxd5 26. exd5 Rgb8 27.
Rb1 Kf6 28. h4 Rb6 29. g4 Bf4 30. Bxf5 Rab8 31. b4 axb4 32. Raxb4 Rxb4 33. Rxb4
Rxb4 34. cxb4 h6 35. b5 Bd2 36. b6 Ba5 37. b7 Bc7 38. Ke3 Bb8 39. Kd3 Ke7 40.
g5 hxg5 41. h5 Kf6 42. h6 Ba7 43. h7 Kg7 44. Kc4 1-0

[Event "Mitropa Cup (Women) 5th"]
[Site "Olbia"]
[Date "2008.05.28"]
[Round "4.2"]
[White "Mira, Helene"]
[Black "Varholakova, Nikoleta"]
[Result "1-0"]
[WhiteElo "2147"]
[BlackElo "2225"]
[PlyCount "125"]
[EventDate "2008.05.25"]
[EventType "team-tourn"]
[EventRounds "5"]
[EventCountry "ITA"]
[Source "ChessBase"]
[SourceDate "2008.07.03"]
[WhiteTeam "Austria"]
[BlackTeam "Slovakia"]
[WhiteTeamCountry "AUT"]
[BlackTeamCountry "SVK"]

1. d4 Nf6 2. c4 e6 3. Nf3 d5 4. Nc3 Bb4 5. e3 c5 6. cxd5 exd5 7. dxc5 Nc6 8.
Be2 O-O 9. O-O Bxc5 10. a3 Be6 11. b4 Bb6 12. Na4 Bc7 13. Bb2 Ne4 14. Rc1 Rc8
15. Nc5 Nxc5 16. Rxc5 Qd6 17. Qd3 f6 18. g3 Ne5 19. Nxe5 fxe5 20. Rfc1 Qd7 21.
Qd2 Qf7 22. Bf1 Bd6 23. Rxc8 Bxc8 24. Bg2 Be6 25. f4 exf4 26. exf4 Rd8 27. Bd4
b6 28. Re1 Bf8 29. Qe3 Bd7 30. Qb3 Bb5 31. Qc3 Bc4 32. Qe3 Bd6 33. Bh3 Kf8 34.
Be6 Qc7 35. f5 Be7 36. Qc3 Bg5 37. f6 Bh6 38. Qf3 g6 39. Qg4 Bd2 40. Rd1 Bb3
41. Rf1 Qc4 42. Rf2 Qc1+ 43. Kg2 Bd1 44. Qh4 h6 45. g4 Bc2 46. Qg3 Be4+ 47. Kh3
Be1 48. Rf1 Qc4 49. Qxe1 Qxd4 50. Qg3 Qc4 51. Rf2 Qc6 52. Qe5 d4 53. f7 Qc3+
54. Qg3 d3 55. Qe3 Kg7 56. Qxe4 d2+ 57. Rf3 d1=Q 58. Rxc3 Qf1+ 59. Qg2 Qf6 60.
Re3 Rd4 61. Qf3 Rf4 62. Qa8 Qd4 63. Qg8+ 1-0

[Event "Mitropa Cup (Women) 5th"]
[Site "Olbia"]
[Date "2008.05.28"]
[Round "4.1"]
[White "Sedina, Elena"]
[Black "Hoolt, Sarah"]
[Result "1/2-1/2"]
[WhiteElo "2356"]
[BlackElo "2258"]
[PlyCount "80"]
[EventDate "2008.05.25"]
[EventType "team-tourn"]
[EventRounds "5"]
[EventCountry "ITA"]
[Source "ChessBase"]
[SourceDate "2008.07.03"]
[WhiteTeam "Italy"]
[BlackTeam "Germany"]
[WhiteTeamCountry "ITA"]
[BlackTeamCountry "GER"]

1. e4 c5 2. Nf3 e6 3. c3 d5 4. exd5 exd5 5. d4 Nc6 6. Bb5 Bd6 7. dxc5 Bxc5 8.
O-O Nge7 9. Nbd2 O-O 10. Nb3 Bd6 11. Re1 Bg4 12. Be2 Qc7 13. h3 Bd7 14. Nbd4 a6
15. Bd3 Rfe8 16. Be3 Ng6 17. Qc2 Nf8 18. Rad1 g6 19. Nxc6 Bxc6 20. Nd4 Ne6 21.
Be2 Nf4 22. Bf3 Rad8 23. Nxc6 bxc6 24. c4 Qa5 25. Bd2 Rxe1+ 26. Rxe1 Bb4 27.
Bxb4 Qxb4 28. Qc3 Qxc3 29. bxc3 dxc4 30. Re4 Nd3 31. Rxc4 Ne5 32. Rc5 Nxf3+ 33.
gxf3 Rd2 34. a4 Ra2 35. Ra5 Rc2 36. Rc5 Ra2 37. Ra5 Ra3 38. Rxa6 Rxc3 39. Kg2
Kg7 40. Rb6 Ra3 1/2-1/2